LEADER 01273nam 2200349Ia 450 001 996387981803316 005 20221102114203.0 035 $a(CKB)1000000000629191 035 $a(EEBO)2264216281 035 $a(OCoLC)07952952 035 $a(EXLCZ)991000000000629191 100 $a19811124d1668 uy | 101 0 $aeng 135 $aurbn||||a|bb| 200 02$aA Catholicks resolution, or, A serious enquiry whether it be better to turn Independent, Presbyterian, Romane? or continue what I am, Catholick?$b[electronic resource] $ein matter of religion 210 $aLondon $c[s.n.]$dPrinted Anno Dom. 1668 215 $a16 p 300 $aReproduction of original in the Union Theological Seminary Library, New York. 330 $aeebo-0160 606 $aFaith and reason 606 $aApologetics$vEarly works to 1800 606 $aApologetics$xHistory$y17th century 615 0$aFaith and reason. 615 0$aApologetics 615 0$aApologetics$xHistory 801 0$bUMI 801 1$bUMI 801 2$bWaOLN 906 $aBOOK 912 $a996387981803316 996 $aA Catholicks resolution, or, A serious enquiry whether it be better to turn Independent, Presbyterian, Romane? or continue what I am, Catholick$92328634 997 $aUNISA